| 000 | 01098nas a2200349 4500 | ||
|---|---|---|---|
| 001 | BR2011002444 | ||
| 003 | BR-BrBNA | ||
| 005 | 20231205115323.0 | ||
| 007 | ta | ||
| 008 | 230509b bl.|||p| |||| 00| 00por d | ||
| 040 |
_aBR-BrBNA _bpor _cBiblioteca Nacional de Agricultura |
||
| 041 | _a(Pt) | ||
| 072 | _aF01; F62 | ||
| 100 | 1 | _aGondim, A.R. de O. | |
| 100 | 1 | _aPuiatti, M. | |
| 100 | 1 | _aCecon, P.R. | |
| 100 | 1 | _aFinger, F.L. | |
| 100 | 1 | _aPuiatti, M. | |
| 100 | 1 | _aCecon, | |
| 100 | 1 | _aPuiatti, M. | |
| 100 | 1 | _aCecon, | |
| 245 | 1 | _aCrescimento, partição de fotoassimilados e produção de rizomas em taro cultivado sob sombreamento artificial | |
| 650 | _aSOMBREAMENTO | ||
| 650 | _aTARO | ||
| 650 | _aCOLOCASIA ESCULENTA | ||
| 650 | _aCONSORCIAÇÃO DE CULTURA | ||
| 650 | _aRENDIMENTO | ||
| 773 | 0 |
_tHorticultura Brasileira (Brazil) _xISSN 0102-0536 _g(Jul- Sep 2007), v. 25(3) p. 418-428 _wBR2011002444 |
|
| 856 | 4 |
_uhttp://www.scielo.br/pdf/hb/v25n3/a19v25n3.pdf _yRecurso eletrônico (PDF) |
|
| 909 |
_a202311 _bLúcia _c55 _dLúcia Elande |
||
| 942 |
_2AGRIS _n0 _cANA |
||
| 999 |
_c213200 _d213200 |
||